1430 1104 1710 1247 1112 1578 1942 1599 1015 1663 1423 1409 1719 1619 1500 1852 1909 1263 1461 1084 1941 1909 1611 1919 1639 1418 1608 1984 1287 1998 1968 1719 1805 1494 1493 1840 1241 1315 1256 1480 1817 1957 1725 1753 1541 1801 1598 1384 1502 1669 1457 1429 1256 1551 1980 1407 1929 1221 1302 1666 1724 1352 1987 1724 1615 1485 1901 1770 1659 1669 1351 1435 1439 1934 1631 1585 1066 1676 1674 1543 1792 1360 1943 1850 1451 1240 1595 1081 1331 1775 1615 1316 1297 1735 1392 1260 1306 1877 1752 BCNSPRNW ULIB Ver.6.0+V

เปลี่ยนเป็นภาษาไทย

Change to English
 แสดงรายละเอียดบรรณานุกรม
  กลับหน้าหลัก

Brief Record : Get Marc (ISO 2709) : E-mail record : QR code < ปิดหน้าต่าง
LEADER : 00000nam 2200000uu 4500
001    13399128776
003     ULIB
008    240905s||||||||th 000 0 tha d
020 0  ^a9786164078055
060  0 ^aWP100^bธ526น^cล.3
100 0  ^aธาริณี แม่นชนะ
110 0  ^aจุฬาลงกรณ์มหาวิทยาลัย. คณะแพทยศาสตร์. ภาควิชาสูติศาสตร์-นรีเวชวิทยา.
245 00 ^aนรีเวชวิทยา เล่มที่ 3/^cธาริณี แม่นชนะ,^cสมสุข สันติเพ็ญจกุล,^cภิญญดา ปัญญาวรานันท์,^cพธู ตัณฑ์ไพโรจน์,^cณัฏฐ์กฤตา ไพธิพรธวัฒน์,^cนลินา ออประยูร,^cชินา ไอฬารรัตน์พันธ์,^cณัฐชา พูลเจริญ, และ^cปวีณา ธุวะนุติ
250    ^aพิมพ์ครั้งที่ 5
260    ^aกรุงเทพฯ :^bภาควิชาสูติศาสตร์-นรีเวชวิทยา คณะแพทยศาสตร์ จุฬาลงกรณ์มหาวิทยาลัย,^c2565
300    ^a3 เล่ม :^bภาพประกอบ
650  0 ^aนรีเวชวิทยา
700 0  ^aสมสุข สันติเพ็ญจกุล
710 0  ^aภิญญดา ปัญญาวรานันท์
710 0  ^aพธู ตัณฑ์ไพโรจน์
710 0  ^aณัฏฐ์กฤตา ไพธิพรธวัฒน์
710 0  ^aนลินา ออประยูร
710 0  ^aชินา ไอฬารรัตน์พันธ์
710 0  ^aณัฐชา พูลเจริญ
710 0  ^aปวีณา ธุวะนุติ
945    ^p300^l0^i30249
945    ^p300^l0^i30250
999    ^aกัณชพร จุลอักษร
รายการนี้ยังไม่มีแท็ก
คุณยังไม่ได้ล็อกอิน คุณสามารถมีกิจกรรมร่วมกับเว็บไซต์ได้ แต่ต้องล็อกอินก่อน ::
  ล็อกอิน

รายการสื่อสารสนเทศ

ลำดับที่ ประเภท เลขเรียก/บาร์โค้ด สถานที่ สถานะ
1. หนังสือสำรอง
หนังสือสำรอง
WP100 ธ526น ล.3 ฉ.1 
  Barcode: 30249
ห้องสมุดวิทยาเขตนครสวรรค์
►หนังสือทั่วไป:l:General Books
บนชั้น
2. วิทยาศาสตร์การแพทย์ และสุขภาพ
วิทยาศาสตร์การแพทย์ และสุขภาพ
WP100 ธ526น ล.3 ฉ.2 
  Barcode: 30250
ห้องสมุดวิทยาเขตนครสวรรค์
►หนังสือทั่วไป:l:General Books
บนชั้น

รายการใกล้เคียง
    ผู้แต่ง [ธาริณี แม่นชนะ]

    หัวเรื่อง [นรีเวชวิทยา]

BibComment


ยังไม่เคยถูกคอมเมนท์

คอมเมนท์ทรัพยากรรายการนี้
  คอมเมนท์: นรีเวชวิทยา เล่ม..


 Copyright 2026. Bcnsprnw @Library